[Event "Icelandic Team Championship 2019-21 - 1s"]
[Site "Reykjavik (round 1-5) and Self"]
[Date "2021.05.14"]
[Round "6.1"]
[White "Palsson, Halldor"]
[Black "Hauksson, Hordur Aron"]
[Result "1-0"]
[WhiteElo "1981"]
[BlackElo "1868"]
[PlyCount "129"]
[EventDate "2019.10.03"]
[WhiteTeam "Víkingaklúbburinn a-sveit"]
[BlackTeam "Skákdeild Fjölnis"]

1. d4 {[%emt 0:00:00]} d5 {[%emt 0:00:00]} 2. Nf3 {[%emt 0:00:00]} Nf6 {
[%emt 0:00:00]} 3. Bf4 {[%emt 0:00:00]} Bf5 {[%emt 0:05:53]} 4. c4 {[%emt 0:00:
00]} c6 {[%emt 0:00:00]} 5. Qb3 {[%emt 0:00:00]} Qb6 {[%emt 0:00:00]} 6. c5 {
[%emt 0:00:00]} Qxb3 {[%emt 0:00:00]} 7. axb3 {[%emt 0:00:00]} Nbd7 {[%emt 0:
00:00]} 8. h3 {[%emt 0:00:00]} e6 {[%emt 0:00:00]} 9. Nc3 {[%emt 0:00:00]} Be7
{[%emt 0:00:00]} 10. b4 {[%emt 0:00:00]} O-O {[%emt 0:00:00]} 11. b5 {[%emt 0:
00:00]} Ne4 {[%emt 0:00:00]} 12. bxc6 {[%emt 0:00:00]} bxc6 {[%emt 0:00:00]}
13. e3 {[%emt 0:00:00]} Nxc3 {[%emt 0:00:00]} 14. bxc3 {[%emt 0:00:00]} a5 {
[%emt 0:00:00]} 15. Be2 {[%emt 0:00:00]} Ra7 {[%emt 0:00:00]} 16. Nd2 {[%emt 0:
00:00]} g5 {[%emt 0:00:00]} 17. Bh2 {[%emt 0:00:00]} Rfa8 {[%emt 0:00:00]} 18.
f3 {[%emt 0:00:00]} Nf6 {[%emt 0:00:00]} 19. Kf2 {[%emt 0:00:00]} Rb7 {[%emt 0:
00:00]} 20. Ra2 {[%emt 0:00:00]} h6 {[%emt 0:00:00]} 21. Rha1 {[%emt 0:00:00]}
Bd8 {[%emt 0:00:00]} 22. Be5 {[%emt 0:00:00]} Nd7 {[%emt 0:00:00]} 23. Bd6 {
[%emt 0:00:00]} Nf6 {[%emt 0:00:00]} 24. g4 {[%emt 0:00:00]} Bg6 {[%emt 0:00:
00]} 25. Be5 {[%emt 0:00:00]} Nd7 {[%emt 0:00:00]} 26. Bg3 {[%emt 0:00:00]} Nf6
{[%emt 0:00:00]} 27. c4 {[%emt 0:05:19]} Raa7 {[%emt 0:00:00]} 28. cxd5 {
[%emt 0:02:17]} exd5 {[%emt 0:00:00]} 29. Be5 {[%emt 0:00:35]} Nd7 {[%emt 0:00:
00]} 30. Bd6 {[%emt 0:00:13]} Rb4 {[%emt 0:00:00]} 31. Bd1 {[%emt 0:02:03]} Bd3
{[%emt 0:00:14]} 32. Ba4 {[%emt 0:01:08]} Bb5 {[%emt 0:01:57]} 33. Bc2 {
[%emt 0:00:36]} Rb7 {[%emt 0:01:41]} 34. Ke1 {[%emt 0:01:50]} Nf8 {[%emt 0:02:
28]} 35. Kd1 {[%emt 0:00:16]} Ne6 {[%emt 0:00:09]} 36. Kc1 {[%emt 0:01:13]} f6
{[%emt 0:00:32]} 37. Bg3 {[%emt 0:00:22]} Be2 {[%emt 0:01:31]} 38. Bd1 {
[%emt 0:00:34]} Bxd1 {[%emt 0:02:20]} 39. Kxd1 {[%emt 0:00:11]} Rb2 {[%emt 0:
00:10]} 40. Rxb2 {[%emt 0:01:32]} Rxb2 {[%emt 0:00:01]} 41. Kc1 {[%emt 0:00:18]
} Rb5 {[%emt 0:00:27]} 42. Kc2 {[%emt 0:00:31]} Nc7 {[%emt 0:01:01]} 43. Bxc7 {
[%emt 0:02:17]} Bxc7 {[%emt 0:00:05]} 44. Nb1 {[%emt 0:00:32]} Kf7 {[%emt 0:00:
33]} 45. Nc3 {[%emt 0:00:08]} Rb4 {[%emt 0:00:14]} 46. Rb1 {[%emt 0:00:15]}
Rxb1 {[%emt 0:01:07]} 47. Kxb1 {[%emt 0:00:11]} Bg3 {[%emt 0:00:18]} 48. Kc2 {
[%emt 0:00:20]} Ke6 {[%emt 0:00:22]} 49. Kd3 {[%emt 0:00:52]} Be1 {[%emt 0:01:
07]} 50. e4 {[%emt 0:00:25]} Bf2 {[%emt 0:02:29]} 51. Nd1 {[%emt 0:00:40]} Be1
{[%emt 0:00:11]} 52. Ne3 {[%emt 0:00:54]} Bf2 {[%emt 0:00:26]} 53. Nf5 {
[%emt 0:00:54]} a4 {[%emt 0:01:40]} 54. Kc3 {[%emt 0:00:21]} Be1+ {[%emt 0:00:
08]} 55. Kb2 {[%emt 0:00:09]} Bb4 {[%emt 0:00:50]} 56. Nxh6 {[%emt 0:00:13]}
Kd7 {[%emt 0:00:31]} 57. Nf5 {[%emt 0:00:20]} Ke6 {[%emt 0:00:34]} 58. Ne3 {
[%emt 0:00:25]} Kd7 {[%emt 0:00:23]} 59. Nc2 {[%emt 0:00:06]} Bd2 {[%emt 0:00:
10]} 60. Ka3 {[%emt 0:00:08]} Bc3 {[%emt 0:00:39]} 61. Kxa4 {[%emt 0:00:12]}
Bd2 {[%emt 0:00:03]} 62. exd5 {[%emt 0:00:47]} cxd5 {[%emt 0:00:05]} 63. Kb5 {
[%emt 0:00:17]} Ke6 {[%emt 0:00:04]} 64. c6 {[%emt 0:00:14]} Bf4 {[%emt 0:00:
20]} 65. Kc5 {[%emt 0:00:24]} 1-0

[Event "Icelandic Team Championship 2019-21 - 1s"]
[Site "Reykjavik (round 1-5) and Self"]
[Date "2021.05.14"]
[Round "6.2"]
[White "Gislason, Gudmundur"]
[Black "Kjartansson, Gudmundur"]
[Result "1-0"]
[WhiteElo "2308"]
[BlackElo "2500"]
[PlyCount "81"]
[EventDate "2019.10.03"]
[WhiteTeam "Breiðablik, Bolungarvík og Reykjanes"]
[BlackTeam "Taflfélag Reykjavíkur a-sveit"]

1. d4 Nf6 2. Nf3 e6 3. g3 b5 4. a4 b4 5. Bg2 d5 6. Bg5 Bb7 7. O-O c5 8. Nbd2
Be7 9. dxc5 Nbd7 10. c6 Bxc6 11. Nd4 Bb7 12. a5 a6 13. N2b3 O-O 14. Bd2 Ne5 15.
c3 Nc4 16. cxb4 Nxb2 17. Qc2 Nc4 18. Nc5 Qc7 19. Nxb7 Qxb7 20. Qxc4 Rfc8 21.
Qb3 Qd7 22. Rfc1 e5 23. Nf3 Bd6 24. Rxc8+ Rxc8 25. b5 axb5 26. Ng5 Bc5 27. Bh3
Ng4 28. Bxg4 Qxg4 29. Qxd5 h6 30. Qxf7+ Kh8 31. Qe6 Bxf2+ 32. Kxf2 Rf8+ 33.
Nf7+ Rxf7+ 34. Qxf7 Qd4+ 35. Be3 Qxa1 36. Qe8+ Kh7 37. Qxb5 Qh1 38. Qxe5 Qxh2+
39. Ke1 Qh1+ 40. Kd2 Qb1 41. Bd4 1-0

[Event "Icelandic Team Championship 2019-21 - 1s"]
[Site "Reykjavik (round 1-5) and Self"]
[Date "2021.05.14"]
[Round "6.2"]
[White "Gretarsson, Helgi Ass"]
[Black "Stefansson, Vignir Vatnar"]
[Result "1/2-1/2"]
[WhiteElo "2441"]
[BlackElo "2340"]
[PlyCount "64"]
[EventDate "2019.10.03"]
[WhiteTeam "Taflfélag Reykjavíkur a-sveit"]
[BlackTeam "Breiðablik, Bolungarvík og Reykjanes"]

1. d4 d5 2. c4 e6 3. Nc3 Nf6 4. cxd5 Nxd5 5. e4 Nxc3 6. bxc3 c5 7. Nf3 cxd4 8.
cxd4 Bb4+ 9. Bd2 Bxd2+ 10. Qxd2 O-O 11. Bc4 Nd7 12. O-O b6 13. Rfe1 Bb7 14.
Rad1 Rc8 15. Bb3 Nf6 16. Qf4 h6 17. h3 Qc7 18. Qh4 b5 19. d5 exd5 20. e5 Ne4
21. Nd4 Qxe5 22. f3 Qf6 23. Qxf6 Nxf6 24. Re7 Bc6 25. Rxa7 Bd7 26. Bxd5 Nxd5
27. Rxd7 Nc3 28. Rd2 Rfd8 29. Rxd8+ Rxd8 30. Rc2 Rxd4 31. Rxc3 Rd2 32. Rb3 Rxa2
1/2-1/2

[Event "Icelandic Team Championship 2019-21 - 1s"]
[Site "Reykjavik (round 1-5) and Self"]
[Date "2021.05.14"]
[Round "6.2"]
[White "Einarsson, Halldor Gretar"]
[Black "Johannesson, Ingvar Thor"]
[Result "0-1"]
[WhiteElo "2239"]
[BlackElo "2336"]
[PlyCount "92"]
[EventDate "2019.10.03"]
[WhiteTeam "Breiðablik, Bolungarvík og Reykjanes"]
[BlackTeam "Taflfélag Reykjavíkur a-sveit"]

1. d4 Nf6 2. c4 e6 3. Nf3 c5 4. d5 exd5 5. cxd5 d6 6. Nc3 g6 7. h3 Bg7 8. e4 a6
9. a4 Nbd7 10. Bd3 Nh5 11. Bg5 Bf6 12. Be3 Ne5 13. Be2 Nxf3+ 14. Bxf3 Ng7 15.
Qd2 Rb8 16. Rb1 Qc7 17. O-O O-O 18. Rfc1 Be5 19. b4 b6 20. Ne2 f5 21. a5 bxa5
22. bxc5 Rxb1 23. Rxb1 dxc5 24. Rc1 c4 25. Qa2 fxe4 26. Rxc4 Qf7 27. Bxe4 Nf5
28. Bc5 Nd6 29. Ra4 Bd7 30. Bf3 Bxa4 31. Qxa4 Qb7 32. Nc3 Qb2 33. Bxd6 Qxc3 34.
Bxe5 Qe1+ 35. Kh2 Qxe5+ 36. Kg1 Qe1+ 37. Kh2 Qe5+ 38. Kg1 Rc8 39. g4 Rf8 40.
Kg2 Qf6 41. Qa3 Qxf3+ 42. Qxf3 Rxf3 43. Kxf3 a4 44. Ke4 a3 45. d6 Kf7 46. Kd5
a2 0-1

[Event "Icelandic Team Championship 2019-21 - 1s"]
[Site "Reykjavik (round 1-5) and Self"]
[Date "2021.05.14"]
[Round "6.2"]
[White "Birkisson, Bardur Orn"]
[Black "Hreinsson, Hlidar"]
[Result "1-0"]
[WhiteElo "2144"]
[BlackElo "2201"]
[PlyCount "103"]
[EventDate "2019.10.03"]
[WhiteTeam "Taflfélag Reykjavíkur a-sveit"]
[BlackTeam "Breiðablik, Bolungarvík og Reykjanes"]

1. Nf3 d5 2. g3 g6 3. Bg2 Bg7 4. d4 Nf6 5. O-O O-O 6. c4 c6 7. cxd5 cxd5 8. Nc3
Nc6 9. Ne5 Bf5 10. Nxc6 bxc6 11. Na4 Nd7 12. Be3 Rc8 13. Rc1 Nb6 14. Nxb6 Qxb6
15. Qd2 Rb8 16. b3 Rfd8 17. Rc5 Bd7 18. Bh6 Qb4 19. Qxb4 Rxb4 20. Bxg7 Kxg7 21.
e3 Rdb8 22. Ra5 R8b7 23. Rc1 R4b5 24. Rc5 e6 25. Bf1 Rxa5 26. Rxa5 Kf6 27. Ba6
Rb6 28. Bd3 Rb7 29. Kf1 Ke7 30. Ke2 Kd6 31. Kd2 e5 32. dxe5+ Kxe5 33. f4+ Kd6
34. e4 dxe4 35. Bxe4 f6 36. Kc3 Be8 37. b4 Kc7 38. Ra6 f5 39. Bf3 Kd6 40. a4
Rc7 41. Kd4 Bd7 42. b5 Be8 43. h4 Bd7 44. Bxc6 Ke7 45. Bxd7 Rxd7+ 46. Kc5 Rc7+
47. Rc6 Rb7 48. a5 Kd8 49. b6 Re7 50. Kb5 axb6 51. axb6 Re1 52. Rc4 1-0

[Event "Icelandic Team Championship 2019-21 - 1s"]
[Site "Reykjavik (round 1-5) and Self"]
[Date "2021.05.14"]
[Round "6.2"]
[White "Briem, Stephan"]
[Black "Olafsson, Thorvardur"]
[Result "0-1"]
[WhiteElo "2142"]
[BlackElo "2123"]
[PlyCount "70"]
[EventDate "2019.10.03"]
[WhiteTeam "Breiðablik, Bolungarvík og Reykjanes"]
[BlackTeam "Taflfélag Reykjavíkur a-sveit"]

1. d4 Nf6 2. c4 e6 3. Nc3 b6 4. e4 Bb7 5. Bd3 Bb4 6. Qc2 Nc6 7. Nf3 d6 8. O-O
Bxc3 9. Qxc3 Qe7 10. Be3 e5 11. d5 Nb8 12. b4 Nbd7 13. c5 dxc5 14. bxc5 Nxc5
15. Bxc5 Qxc5 16. Qxc5 bxc5 17. Rab1 O-O-O 18. Nxe5 Rhe8 19. Nxf7 Rd7 20. Ng5
h6 21. Nh3 c4 22. Bc2 Rxe4 23. Bxe4 Nxe4 24. Rfe1 Bxd5 25. Nf4 c6 26. f3 Nc5
27. Red1 g5 28. Nxd5 cxd5 29. Kf2 Kc7 30. Ke3 Ne6 31. Rb5 Kc6 32. Rb8 d4+ 33.
Ke4 Nc5+ 34. Ke5 Rd5+ 35. Kf6 Nd7+ 0-1

[Event "Icelandic Team Championship 2019-21 - 1s"]
[Site "Reykjavik (round 1-5) and Self"]
[Date "2021.05.14"]
[Round "6.2"]
[White "Einarsson, Bergsteinn"]
[Black "Ornolfsson, Magnus P."]
[Result "0-1"]
[WhiteElo "2215"]
[BlackElo "2191"]
[PlyCount "62"]
[EventDate "2019.10.03"]
[WhiteTeam "Taflfélag Reykjavíkur a-sveit"]
[BlackTeam "Breiðablik, Bolungarvík og Reykjanes"]

1. d4 Nf6 2. c4 e6 3. Nc3 Bb4 4. e3 O-O 5. Bd3 d6 6. Nge2 Nc6 7. O-O Bxc3 8.
bxc3 Qe7 9. Ng3 e5 10. f3 Re8 11. Qc2 h6 12. Qf2 Bd7 13. e4 Kh8 14. Rb1 b6 15.
h3 g5 16. Be3 Rg8 17. c5 dxc5 18. Bb5 cxd4 19. cxd4 exd4 20. Bxd4 Nxd4 21. Qxd4
Bxb5 22. Rxb5 c5 23. Qb2 Kh7 24. e5 Nd5 25. Rd1 Rad8 26. Ne4 Rg6 27. Rb3 c4 28.
Rb5 c3 29. Qb3 c2 30. Rc1 Qc7 31. Rxc2 Qxe5 {unreadable} 0-1

[Event "Icelandic Team Championship 2019-21 - 1s"]
[Site "Reykjavik (round 1-5) and Self"]
[Date "2021.05.14"]
[Round "6.2"]
[White "Johannsson, Birkir Isak"]
[Black "Birkisson, Bjorn Holm"]
[Result "1-0"]
[WhiteElo "2032"]
[BlackElo "2090"]
[PlyCount "61"]
[EventDate "2019.10.03"]
[WhiteTeam "Breiðablik, Bolungarvík og Reykjanes"]
[BlackTeam "Taflfélag Reykjavíkur a-sveit"]

1. c4 Nf6 2. Nc3 g6 3. e4 d6 4. d4 Bg7 5. h3 O-O 6. Be3 e5 7. d5 a5 8. g4 Na6
9. Nge2 Nc5 10. Ng3 Ne8 11. h4 f5 12. gxf5 gxf5 13. exf5 Nf6 14. Qd2 e4 15. Be2
Qe8 16. h5 Nfd7 17. h6 Bf6 18. O-O-O Ne5 19. Rhg1 Kh8 20. Ncxe4 Qa4 21. Nxf6
Rxf6 22. Bxc5 Bxf5 23. Nxf5 Rxf5 24. Be3 Qxa2 25. Qc3 a4 26. Qa3 Qb3 27. Qxb3
axb3 28. Kd2 c5 29. Kc3 b5 30. cxb5 Ra4 31. Ra1 1-0

[Event "Icelandic Team Championship 2019-21 - 1s"]
[Site "Reykjavik (round 1-5) and Self"]
[Date "2021.05.14"]
[Round "6.2"]
[White "Mai, Alexander Oliver"]
[Black "Heidarsson, Arnar"]
[Result "1-0"]
[WhiteElo "2025"]
[BlackElo "1980"]
[PlyCount "133"]
[EventDate "2019.10.03"]
[WhiteTeam "Taflfélag Reykjavíkur a-sveit"]
[BlackTeam "Breiðablik, Bolungarvík og Reykjanes"]

1. e4 c5 2. Nf3 d6 3. d4 cxd4 4. Nxd4 Nf6 5. Nc3 a6 6. Bg5 Nbd7 7. f4 Qc7 8.
Qf3 h6 9. Bh4 g5 10. fxg5 hxg5 11. Bxg5 Qc5 12. Nf5 Ne5 13. Qe3 Qb4 14. a3 Qa5
15. Nxd6+ exd6 16. Bxf6 Ng4 17. Qd4 Nxf6 18. Qxf6 Rh6 19. Qd4 Be6 20. Qa4+ Qxa4
21. Nxa4 Bg7 22. O-O-O Be5 23. Nb6 Rd8 24. h3 Bf4+ 25. Kb1 Be3 26. Nc4 Bxc4 27.
Bxc4 Ke7 28. Rhf1 f6 29. Rd3 Bg5 30. a4 Rhh8 31. Rb3 Rd7 32. Rff3 Rc8 33. Bd5
Rcc7 34. Rb6 Kd8 35. Rfb3 Re7 36. Bxb7 a5 37. Rxd6+ Ke8 38. Bd5 Kf8 39. Rd8+
Re8 40. Rbb8 Rxd8 41. Rxd8+ Ke7 42. Ra8 Rc5 43. c3 Bf4 44. Ra6 Be5 45. Rc6 Rxc6
46. Bxc6 Kd6 47. Bb5 Bg3 48. Be2 Kc5 49. Kc2 Bh4 50. Kb3 Bg5 51. Ka3 Bc1 52.
Bb5 Kd6 53. Kb3 Kc5 54. Kc2 Bg5 55. Kd3 Bh4 56. Ke2 Bg5 57. g3 Bc1 58. b3 Bh6
59. h4 Bc1 60. Kf3 Bd2 61. Kg4 Kd6 62. Kf5 Ke7 63. Kg6 Be1 64. h5 Bxg3 65. h6
Be5 66. h7 f5 67. Kxf5 1-0

[Event "Icelandic Team Championship 2019-21 - 1s"]
[Site "Reykjavik (round 1-5) and Self"]
[Date "2021.05.14"]
[Round "6.3"]
[White "Halfdanarson, Jon"]
[Black "Donchenko, Alexander"]
[Result "0-1"]
[WhiteElo "2109"]
[BlackElo "2660"]
[PlyCount "36"]
[EventDate "2019.10.03"]
[WhiteTeam "Taflfélag Garðabæjar"]
[BlackTeam "Skákfélag Selfoss og nágrennis"]

1. d4 {[%emt 0:00:00]} Nf6 {[%emt 0:00:00]} 2. c4 {[%emt 0:00:00]} e6 {[%emt 0:
00:00]} 3. Nf3 {[%emt 0:00:00]} c5 {[%emt 0:00:00]} 4. dxc5 {[%emt 0:00:00]}
Bxc5 {[%emt 0:00:00]} 5. Nc3 {[%emt 0:00:00]} O-O {[%emt 0:00:00]} 6. e3 {
[%emt 0:00:00]} d5 {[%emt 0:00:00]} 7. cxd5 {[%emt 0:00:00]} exd5 {[%emt 0:00:
00]} 8. Be2 {[%emt 0:00:00]} Nc6 {[%emt 0:00:00]} 9. O-O {[%emt 0:00:00]} Re8 {
[%emt 0:00:00]} 10. a3 {[%emt 0:00:00]} Bd6 {[%emt 0:00:00]} 11. b4 {[%emt 0:
00:00]} Bf5 {[%emt 0:00:00]} 12. Bb2 {[%emt 0:00:00]} Rc8 {[%emt 0:00:00]} 13.
Nb5 {[%emt 0:00:00]} Bb8 {[%emt 0:00:00]} 14. Bxf6 {[%emt 0:00:00]} Qxf6 {
[%emt 0:00:00]} 15. Qxd5 {[%emt 0:00:00]} Rcd8 {[%emt 0:00:00]} 16. Qa2 {
[%emt 0:00:00]} Bg4 {[%emt 0:00:00]} 17. Rad1 {[%emt 0:00:00]} Bxf3 {[%emt 0:
00:00]} 18. gxf3 {[%emt 0:00:00]} a6 {[%emt 0:06:42]} 0-1

[Event "Icelandic Team Championship 2019-21 - 1s"]
[Site "Reykjavik (round 1-5) and Self"]
[Date "2021.05.14"]
[Round "6.3"]
[White "Demchenko, Anton"]
[Black "Thorsteinsdottir, Gudlaug"]
[Result "1-0"]
[WhiteElo "2599"]
[BlackElo "1975"]
[PlyCount "55"]
[EventDate "2019.10.03"]
[WhiteTeam "Skákfélag Selfoss og nágrennis"]
[BlackTeam "Taflfélag Garðabæjar"]

1. e4 {[%emt 0:00:00]} e5 {[%emt 0:00:00]} 2. Nf3 {[%emt 0:00:00]} Nc6 {
[%emt 0:00:00]} 3. Bc4 {[%emt 0:00:00]} Bc5 {[%emt 0:00:00]} 4. d3 {[%emt 0:00:
00]} Nf6 {[%emt 0:00:00]} 5. Bg5 {[%emt 0:00:00]} d6 {[%emt 0:00:00]} 6. c3 {
[%emt 0:00:00]} a6 {[%emt 0:00:00]} 7. Nbd2 {[%emt 0:00:00]} O-O {[%emt 0:00:
00]} 8. a4 {[%emt 0:00:00]} Be6 {[%emt 0:00:00]} 9. O-O {[%emt 0:00:00]} Ba7 {
[%emt 0:00:00]} 10. b4 {[%emt 0:00:00]} Re8 {[%emt 0:00:00]} 11. Rb1 {[%emt 0:
00:00]} Bxc4 {[%emt 0:00:00]} 12. Nxc4 {[%emt 0:00:00]} b5 {[%emt 0:00:00]} 13.
Ne3 {[%emt 0:00:00]} Ne7 {[%emt 0:00:00]} 14. Bxf6 {[%emt 0:00:00]} gxf6 {
[%emt 0:00:00]} 15. Nh4 {[%emt 0:00:00]} Ng6 {[%emt 0:00:00]} 16. Nhf5 {
[%emt 0:00:00]} Bxe3 {[%emt 0:00:00]} 17. fxe3 {[%emt 0:00:00]} Re6 {[%emt 0:
00:00]} 18. Qh5 {[%emt 0:00:00]} Kh8 {[%emt 0:00:00]} 19. Ra1 {[%emt 0:00:00]}
Rb8 {[%emt 0:00:00]} 20. axb5 {[%emt 0:00:00]} axb5 {[%emt 0:00:00]} 21. Ra7 {
[%emt 0:00:00]} Rc8 {[%emt 0:00:00]} 22. Rb7 {[%emt 0:00:00]} Qe8 {[%emt 0:00:
00]} 23. Rf3 {[%emt 0:00:00]} d5 {[%emt 0:03:51]} 24. exd5 {[%emt 0:00:00]} Ra6
{[%emt 0:00:36]} 25. Rf1 {[%emt 0:00:00]} Ne7 {[%emt 0:02:58]} 26. e4 {[%emt 0:
00:00]} Nxf5 {[%emt 0:00:10]} 27. Qxf5 {[%emt 0:00:00]} Qg8 {[%emt 0:02:57]}
28. Rxb5 {[%emt 0:00:00]} 1-0

[Event "Icelandic Team Championship 2019-21 - 1s"]
[Site "Reykjavik (round 1-5) and Self"]
[Date "2021.05.14"]
[Round "6.3"]
[White "Ragnarsson, Johann"]
[Black "Thorfinnsson, Bragi"]
[Result "0-1"]
[WhiteElo "1921"]
[BlackElo "2432"]
[PlyCount "130"]
[EventDate "2019.10.03"]
[WhiteTeam "Taflfélag Garðabæjar"]
[BlackTeam "Skákfélag Selfoss og nágrennis"]

1. d4 {[%emt 0:00:00]} Nf6 {[%emt 0:00:00]} 2. c4 {[%emt 0:00:00]} e6 {[%emt 0:
00:00]} 3. Nc3 {[%emt 0:00:00]} Bb4 {[%emt 0:00:00]} 4. f3 {[%emt 0:00:00]} O-O
{[%emt 0:00:00]} 5. e4 {[%emt 0:00:00]} c5 {[%emt 0:00:00]} 6. d5 {[%emt 0:00:
00]} b5 {[%emt 0:00:00]} 7. Bg5 {[%emt 0:00:00]} exd5 {[%emt 0:00:00]} 8. cxd5
{[%emt 0:00:00]} Re8 {[%emt 0:00:00]} 9. Bxf6 {[%emt 0:00:00]} Qxf6 {[%emt 0:
00:00]} 10. Bxb5 {[%emt 0:00:00]} Bxc3+ {[%emt 0:00:00]} 11. bxc3 {[%emt 0:00:
00]} Qxc3+ {[%emt 0:00:00]} 12. Kf1 {[%emt 0:00:00]} Qf6 {[%emt 0:00:00]} 13.
Ne2 {[%emt 0:00:00]} Rxe4 {[%emt 0:00:00]} 14. Ng3 {[%emt 0:00:00]} Re8 {
[%emt 0:00:00]} 15. Kf2 {[%emt 0:00:00]} Qb2+ {[%emt 0:00:00]} 16. Be2 {
[%emt 0:00:00]} Ba6 {[%emt 0:00:00]} 17. Re1 {[%emt 0:00:00]} Bxe2 {[%emt 0:00:
00]} 18. Rxe2 {[%emt 0:00:00]} Rxe2+ {[%emt 0:00:00]} 19. Qxe2 {[%emt 0:00:00]}
Qxe2+ {[%emt 0:00:00]} 20. Kxe2 {[%emt 0:00:00]} Na6 {[%emt 0:00:00]} 21. Rb1 {
[%emt 0:00:00]} Nb4 {[%emt 0:00:00]} 22. d6 {[%emt 0:00:00]} Re8+ {[%emt 0:00:
00]} 23. Kf1 {[%emt 0:00:00]} f5 {[%emt 0:00:00]} 24. Nxf5 {[%emt 0:00:00]} Re6
{[%emt 0:00:00]} 25. a3 {[%emt 0:00:00]} Nd3 {[%emt 0:00:00]} 26. g4 {[%emt 0:
00:00]} g6 {[%emt 0:00:00]} 27. Nh6+ {[%emt 0:00:00]} Kf8 {[%emt 0:00:00]} 28.
Rb8+ {[%emt 0:00:00]} Re8 {[%emt 0:00:00]} 29. Rb7 {[%emt 0:00:00]} Rd8 {
[%emt 0:00:00]} 30. Rxa7 {[%emt 0:02:13]} Ne5 {[%emt 0:00:00]} 31. a4 {[%emt 0:
03:05]} Nxf3 {[%emt 0:06:54]} 32. Rc7 {[%emt 0:04:29]} Kg7 {[%emt 0:02:51]} 33.
g5 {[%emt 0:03:38]} Nxg5 {[%emt 0:00:05]} 34. Ng4 {[%emt 0:00:06]} Nf7 {
[%emt 0:01:11]} 35. a5 {[%emt 0:01:04]} h5 {[%emt 0:02:24]} 36. Ne3 {[%emt 0:
00:01]} Kf6 {[%emt 0:01:10]} 37. a6 {[%emt 0:01:42]} Ke6 {[%emt 0:00:29]} 38.
Nc4 {[%emt 0:01:07]} Kd5 {[%emt 0:02:25]} 39. a7 {[%emt 0:00:23]} Kxc4 {
[%emt 0:00:39]} 40. Rxd7 {[%emt 0:00:02]} Rf8 {[%emt 0:00:07]} 41. Ke2 {
[%emt 0:00:14]} Ne5 {[%emt 0:01:58]} 42. Rc7 {[%emt 0:00:01]} Re8 {[%emt 0:00:
46]} 43. Re7 {[%emt 0:00:35]} Ra8 {[%emt 0:00:33]} 44. Rxe5 {[%emt 0:01:00]}
Rxa7 {[%emt 0:00:04]} 45. Re7 {[%emt 0:00:13]} Ra6 {[%emt 0:01:17]} 46. d7 {
[%emt 0:01:11]} Rd6 {[%emt 0:00:14]} 47. Rg7 {[%emt 0:01:30]} Kd4 {[%emt 0:00:
18]} 48. h4 {[%emt 0:01:07]} Ke4 {[%emt 0:01:21]} 49. Rxg6 {[%emt 0:00:14]}
Rxd7 {[%emt 0:00:03]} 50. Rf6 {[%emt 0:01:25]} Rd4 {[%emt 0:00:46]} 51. Rc6 {
[%emt 0:00:42]} Kd5 {[%emt 0:00:11]} 52. Rc8 {[%emt 0:00:18]} Rxh4 {[%emt 0:00:
04]} 53. Kf3 {[%emt 0:00:06]} c4 {[%emt 0:01:18]} 54. Rd8+ {[%emt 0:00:32]} Kc5
{[%emt 0:00:10]} 55. Rc8+ {[%emt 0:00:13]} Kd4 {[%emt 0:00:18]} 56. Rd8+ {
[%emt 0:00:01]} Kc3 {[%emt 0:00:10]} 57. Rd5 {[%emt 0:01:18]} Rh3+ {[%emt 0:01:
16]} 58. Ke2 {[%emt 0:00:21]} Kc2 {[%emt 0:00:27]} 59. Rd2+ {[%emt 0:00:54]}
Kb1 {[%emt 0:00:35]} 60. Rd1+ {[%emt 0:00:30]} Kb2 {[%emt 0:00:10]} 61. Rd2+ {
[%emt 0:00:02]} Kb3 {[%emt 0:00:05]} 62. Rd5 {[%emt 0:00:15]} c3 {[%emt 0:00:
27]} 63. Rb5+ {[%emt 0:00:23]} Kc2 {[%emt 0:00:18]} 64. Rd5 {[%emt 0:00:53]}
Rh1 {[%emt 0:00:27]} 65. Rd8 {[%emt 0:00:42]} h4 {[%emt 0:00:35]} 0-1

[Event "Icelandic Team Championship 2019-21 - 1s"]
[Site "Reykjavik (round 1-5) and Self"]
[Date "2021.05.14"]
[Round "6.3"]
[White "Gunnarsson, Arnar"]
[Black "Sigurdsson, Pall"]
[Result "1-0"]
[WhiteElo "2420"]
[BlackElo "1924"]
[PlyCount "43"]
[EventDate "2019.10.03"]
[WhiteTeam "Skákfélag Selfoss og nágrennis"]
[BlackTeam "Taflfélag Garðabæjar"]

1. c4 {[%emt 0:00:00]} c5 {[%emt 0:00:00]} 2. Nf3 {[%emt 0:00:00]} d6 {[%emt 0:
00:00]} 3. g3 {[%emt 0:00:00]} g6 {[%emt 0:00:00]} 4. Bg2 {[%emt 0:00:00]} Bg7
{[%emt 0:00:00]} 5. d4 {[%emt 0:00:00]} cxd4 {[%emt 0:00:00]} 6. Nxd4 {[%emt 0:
00:00]} a6 {[%emt 0:00:00]} 7. O-O {[%emt 0:00:00]} Nf6 {[%emt 0:00:00]} 8. Nc3
{[%emt 0:00:00]} O-O {[%emt 0:00:00]} 9. h3 {[%emt 0:00:00]} Qc7 {[%emt 0:00:
00]} 10. b3 {[%emt 0:00:00]} Nc6 {[%emt 0:00:00]} 11. Nc2 {[%emt 0:00:00]} Bd7
{[%emt 0:00:00]} 12. Bb2 {[%emt 0:00:00]} Rad8 {[%emt 0:00:00]} 13. e4 {
[%emt 0:00:00]} e6 {[%emt 0:00:00]} 14. Ne3 {[%emt 0:00:00]} Rfe8 {[%emt 0:00:
00]} 15. Qd2 {[%emt 0:00:00]} Bc8 {[%emt 0:00:00]} 16. Rac1 {[%emt 0:00:00]}
Rd7 {[%emt 0:00:00]} 17. Rfd1 {[%emt 0:00:00]} Red8 {[%emt 0:00:00]} 18. Ncd5 {
[%emt 0:00:00]} exd5 {[%emt 0:00:00]} 19. cxd5 {[%emt 0:00:00]} Qb6 {[%emt 0:
00:00]} 20. dxc6 {[%emt 0:00:00]} bxc6 {[%emt 0:00:00]} 21. Bd4 {[%emt 0:00:00]
} c5 {[%emt 0:00:00]} 22. Bxf6 {[%emt 0:00:00]} 1-0

[Event "Icelandic Team Championship 2019-21 - 1s"]
[Site "Reykjavik (round 1-5) and Self"]
[Date "2021.05.14"]
[Round "6.3"]
[White "Moller, Baldur Helgi"]
[Black "Lagerman, Robert"]
[Result "0-1"]
[WhiteElo "1993"]
[BlackElo "2298"]
[PlyCount "54"]
[EventDate "2019.10.03"]
[WhiteTeam "Taflfélag Garðabæjar"]
[BlackTeam "Skákfélag Selfoss og nágrennis"]

1. c4 {[%emt 0:00:00]} c5 {[%emt 0:00:00]} 2. g3 {[%emt 0:00:00]} g6 {[%emt 0:
00:00]} 3. Bg2 {[%emt 0:00:00]} Bg7 {[%emt 0:00:00]} 4. Nc3 {[%emt 0:00:00]} e5
{[%emt 0:00:00]} 5. e4 {[%emt 0:00:00]} Nc6 {[%emt 0:00:00]} 6. Nge2 {[%emt 0:
00:00]} Nge7 {[%emt 0:00:00]} 7. O-O {[%emt 0:00:00]} O-O {[%emt 0:00:00]} 8.
d3 {[%emt 0:00:00]} d6 {[%emt 0:00:00]} 9. Be3 {[%emt 0:00:00]} Nd4 {[%emt 0:
00:00]} 10. Qd2 {[%emt 0:00:00]} Rb8 {[%emt 0:00:00]} 11. Rab1 {[%emt 0:00:00]}
Nec6 {[%emt 0:00:00]} 12. Nd5 {[%emt 0:00:00]} Nxe2+ {[%emt 0:00:00]} 13. Qxe2
{[%emt 0:00:00]} Be6 {[%emt 0:00:00]} 14. Qd2 {[%emt 0:00:00]} b5 {[%emt 0:00:
00]} 15. b3 {[%emt 0:00:00]} Nd4 {[%emt 0:00:00]} 16. Rb2 {[%emt 0:00:00]} f5 {
[%emt 0:00:00]} 17. Bxd4 {[%emt 0:00:00]} cxd4 {[%emt 0:00:00]} 18. Rc1 {
[%emt 0:00:00]} bxc4 {[%emt 0:00:00]} 19. Rxc4 {[%emt 0:00:00]} fxe4 {[%emt 0:
00:00]} 20. dxe4 {[%emt 0:00:00]} Rb7 {[%emt 0:00:00]} 21. Rbc2 {[%emt 0:00:00]
} Rbf7 {[%emt 0:00:00]} 22. f3 {[%emt 0:00:00]} h5 {[%emt 0:00:00]} 23. Rc6 {
[%emt 0:00:00]} h4 {[%emt 0:00:00]} 24. Nc7 {[%emt 0:00:00]} Bc8 {[%emt 0:00:
00]} 25. Nb5 {[%emt 0:00:00]} Bd7 {[%emt 0:00:13]} 26. Nxd6 {[%emt 0:00:00]}
Bxc6 {[%emt 0:01:33]} 27. Nxf7 {[%emt 0:00:00]} Qb6 {[%emt 0:01:03]} 0-1